000 01261cam a2200349 a 4500
999 _c533626
_d533626
001 12916406
003 NUST
005 20200115101819.0
008 020904s2002 nyub b 001 0 eng
010 _a 2002284120
020 _a9781842125830 (pbk.)
038 _aMSOHAIL
040 _aDLC
_cDLC
_dDLC
043 _aaw-----
_aff-----
_ae-sp---
050 0 0 _aBP50
_b.A69 2002
082 0 4 _a297.09
_bARM
100 1 _aArmstrong, Karen,
_d1944-
_9945
245 1 0 _aIslam :
_ba short history /
_cKaren Armstrong.
250 _aModern Library ed.
260 _aNew York :
_bModern Library,
_c2002.
300 _axxxiv, 230 p. :
_bmaps ;
_c21 cm.
440 0 _aModern Library chronicles
_96119
504 _aIncludes bibliographical references and index.
650 0 _aIslam
_xHistory.
_96120
651 0 _aIslamic Empire
_xHistory.
_96121
856 4 2 _3Contributor biographical information
_uhttp://www.loc.gov/catdir/bios/random054/2002284120.html
856 4 1 _3Sample text
_uhttp://www.loc.gov/catdir/samples/random045/2002284120.html
856 4 2 _3Publisher description
_uhttp://www.loc.gov/catdir/description/random0413/2002284120.html
906 _a7
_bcbc
_corigcop
_d2
_encip
_f20
_gy-gencatlg
942 _2ddc
_cBK